000 00409nam a2200145 a 4500
001 000031723
005 20230519124858.0
008 110630s19uu dr 000 0 spa d
040 _aDO-SdBNP
_aspa
_cBNPHU
245 0 0 _aOrdenación de diáconos.
260 _a[s.l.] :
_b[s.n.].
300 _a61 p. ;
_c22 cm.
500 _aIncluye referencias bibliográficas y notas al pie de las págianas
049 _aBNPD
999 _c31215
_d31215